000 00635nam a2200205Ia 4500
003 OSt
005 20230427092612.0
008 210423s2007 xx 000 0 und d
020 _a9788130906362
040 _cAL
041 _aeng
082 _a820.9 BLOV
_223
100 _aBLOOM (Harold),Ed.
_993675
245 _aViva modern critical interpretations Lewis Carrolls alice adventures in wonderland.
260 _aNew Delhi
_bViva Books Pvt Ltd
_c2007
300 _a247
_bPB
365 _b145
_cINR
906 _aadventures ; alice ; Carrolls ; critical ; interpretations ; Lewis ; modern ; Viva ; wonderland.
942 _2ddc
_cBK
999 _c161737
_d161737